| 000 | 00687nam a2200241Ia 4500 | ||
|---|---|---|---|
| 001 | 3019 | ||
| 003 | GE_BSU | ||
| 008 | 181216s||||||||xx |||||||||||||| ||und|| | ||
| 020 | _a5851731079 | ||
| 040 | _cGE_BSU | ||
| 080 | _a330.101(075.8) | ||
| 100 | _aПротас В.Ф. | ||
| 245 | _aМакроэкономика. Структурно-логические схемы | ||
| 245 | _bУчебное пособие для вузов | ||
| 245 | _cгл. ред. изд-ва Н. Д. Эриашвили | ||
| 260 | _aМосква | ||
| 260 | _bЮНИТИ | ||
| 260 | _c1997 | ||
| 300 | _a271 с. | ||
| 541 | _h5 л. 90 т. | ||
| 653 | _aМакроэкономика | ||
| 942 | _cBK | ||
| 999 |
_c37065 _d37065 |
||